Statistics for Cities Closest to Monaco with a Map

Click here to take the quiz!

General Stats

  • This quiz has been taken 181 times
  • The average score is 32 of 39

Answer Stats

Distance Pop City % Correct
504 km4.96 mBarcelona
99%
462 km4.43 mRome
99%
690 km12.8 mParis
99%
238 km5.12 mMilan
97%
824 km2.63 mBrussels
97%
991 km6.72 mMadrid
96%
978 km2.75 mAmsterdam
96%
852 km2.41 mVienna
96%
586 km2.88 mMunich
94%
649 km3.41 mNaples
94%
715 km1.22 mZagreb
93%
13 km1.02 mNice
91%
173 km1.75 mMarseille
90%
413 km1.32 mZürich
90%
805 km2.58 mTunis
90%
936 km1.81 mRotterdam
89%
997 km2.96 mBudapest
89%
304 km2.07 mLyon
89%
884 km2.20 mPrague
87%
860 km3.83 mAlgiers
86%
715 km2.67 mFrankfurt am Main
85%
150 km1.77 mTurin
82%
799 km1.03 mPalermo
81%
801 km1.99 mCologne
80%
650 km1.23 mBordeaux
80%
862 km1.10 mAntwerp
79%
955 km1.06 mThe Hague
76%
839 km1.04 mBilbao
75%
834 km1.55 mDüsseldorf
75%
804 km1.72 mValencia
75%
942 km1.34 mDresden
70%
482 km1.37 mToulouse
66%
834 km1.51 mLille
65%
576 km2.76 mStuttgart
65%
694 km1.33 mNuremburg
62%
976 km1.31 mHanover
61%
923 km1.03 mLeipzig
55%
644 km1.18 mMannheim
43%
920 km1.09 mSousse
17%

Score Distribution

Percentile by Number Answered

Percent of People with Each Score

Your Score History

You have not taken this quiz